000
00211 a2200097 4500
020
_a
9789992420959
041
_a
spa
100
_a
Karla Valeria Bendaą Rodriguez
245
_a
El Mundo a mis Ojos
942
_c
BK
999
_c
14689
_d
14689